Ricostruisci la Carriera del Calciatore - Gianfranco Zola - Statistics

Statistiche generali
  • Questo quiz è stato fatto 11 volte
  • Il punteggio medio è 4 su 6
Statistiche sulle risposte
Hint Risposta % Corretto
1996-2003 Chelsea
91%
1989-1993 Napoli
73%
2003-2005 Cagliari
64%
1985-1986 Nuorese
64%
1993-1996 Parma
55%
1986-1989 Torres
55%
Nessun quiz corrispondente trovato
Distribuzione punteggi
Percentuale di utenti per punteggio
Percentile per numero di risposta
I tuoi punteggi nel tempo
Non hai fatto questo quiz